书目信息 |
| 题名: |
数据分析师宝典
|
|
| 作者: | 黄羿 , 刘友缘 , 马新强 著 | |
| 分册: | ||
| 出版信息: | 北京 电子工业出版社 2020.07 |
|
| 页数: | XII, 231页 | |
| 开本: | 24cm | |
| 丛书名: | ||
| 单 册: | ||
| 中图分类: | TP274 | |
| 科图分类: | ||
| 主题词: | 数据处理--shu ju chu li | |
| 电子资源: | ||
| ISBN: | 978-7-121-39056-2 | |
| 000 | 01067nam0 2200265 450 | |
| 001 | 202020139405 | |
| 005 | 20200926181346.0 | |
| 010 | @a978-7-121-39056-2@dCNY55.00 | |
| 100 | @a20200916d2020 em y0chiy50 ea | |
| 101 | 0 | @achi |
| 102 | @aCN@b110000 | |
| 105 | @aa z 000yy | |
| 106 | @ar | |
| 200 | 1 | @a数据分析师宝典@Ashu ju fen xi shi bao dian@f黄羿, 刘友缘, 马新强著 |
| 210 | @a北京@c电子工业出版社@d2020.07 | |
| 215 | @aXII, 231页@c图@d24cm | |
| 314 | @a黄羿, 博士研究生、重庆文理学院教授。刘友缘, 重庆文理学院高级实验师。马新强, 重庆文理学院教授。 | |
| 330 | @a本书抛开深奥的理论条文, 采用了大量的图表与案例, 深入浅出, 将枯燥生硬的理论知识用诙谐幽默、通俗易懂的语言娓娓道来。本书除对必备的理论知识进行介绍外, 还注重实务操作, 旨在帮助数据分析人员快速掌握数据分析的核心知识, 实现数据分析能力的大幅度提高。 | |
| 606 | 0 | @a数据处理@Ashu ju chu li |
| 690 | @aTP274@v5 | |
| 701 | 0 | @a黄羿@Ahuang yi@4著 |
| 701 | 0 | @a刘友缘@Aliu you yuan@4著 |
| 701 | 0 | @a马新强@Ama xin qiang@4著 |
| 801 | 0 | @aCN@c20200715 |
| 905 | @a河南城建学院图书馆@dTP274@eH913 | |
| 数据分析师宝典/黄羿, 刘友缘, 马新强著.-北京:电子工业出版社,2020.07 |
| XII, 231页:图;24cm |
| ISBN 978-7-121-39056-2:CNY55.00 |
| 本书抛开深奥的理论条文, 采用了大量的图表与案例, 深入浅出, 将枯燥生硬的理论知识用诙谐幽默、通俗易懂的语言娓娓道来。本书除对必备的理论知识进行介绍外, 还注重实务操作, 旨在帮助数据分析人员快速掌握数据分析的核心知识, 实现数据分析能力的大幅度提高。 |
| ● |
| 相关链接 |
|
|
|
正题名:数据分析师宝典
索取号:TP274/H913
 
预约/预借
| 序号 | 登录号 | 条形码 | 馆藏地/架位号 | 状态 | 备注 |
| 1 | 1489168 | 214891688 | 自科库301/301自科库 42排3列3层/ [索取号:TP274/H913] | 在馆 | |
| 2 | 1489169 | 214891697 | 自科库301/301自科库 42排3列3层/ [索取号:TP274/H913] | 在馆 |